000 00444ntaaa2200169 4500
003 01
005 20251027202226.0
008 0714s1973 ag 01
040 _aAR-BaBN
_bspa
_cAR-BaBN
_eaacr
_dRIC
082 _a268.0100 L97
245 _aFundamentos de la educación cristiana
250 _a1 ed.
260 _as.l. :
_bConsejo de Educación Cristiana Metodista,
_cn.f.
300 _a40 p
650 _aeducación cristiana
_9405
942 _cBK
999 _c17124
_d17124